000 00222nam a22000977a 4500
999 _c4336
_d4336
008 250206b ||||| |||| 00| 0 eng d
020 _a9781409309284
082 _a823.92
245 _aTHE TOOTH FAIRY
_bPEPPA PIG
942 _2ddc